000 00315nam a2200121Ia 4500
008 190216s9999||||xx |||||||||||||| ||und||
100 _aSubrahmanyam.N
245 0 _aIntroduction To Computers
260 _bTata Mcgraw Hill Publishing Company Ltd
_c1989
300 _a315 p
650 _aComputer Science
942 _cBK
999 _c8499
_d8499